| 000 | 00968nam a2200301 a 4500 | ||
|---|---|---|---|
| 001 | 000109739 | ||
| 003 | CHAP | ||
| 005 | 20220329144102.0 | ||
| 008 | 140523s2011 mx a |rm |0|||||spa|d | ||
| 010 | _a106201 | ||
| 011 | _a107173 | ||
| 040 | _cCHAP | ||
| 090 | _aTesis | ||
| 100 | 1 |
_aDíaz Nájera, José Francisco _d(1988 -) _9127010 |
|
| 245 | 1 | 0 |
_aRespuesta de la calabaza pipiana a la fertilización foliar y a las características fisicoquímicas del suelo / _cpor José Francisco Díaz Nájera. |
| 260 |
_aCocula, Gro. : _bEl autor, _c2011. |
||
| 300 |
_bil. _axiii, 90 h. |
||
| 502 | _aTesis (Ing. Agr. Fitotecnista) -- CSAEGRO | ||
| 590 |
_aE792CSJ _b05 _c20140523 _lUCH01 _h0913 |
||
| 650 | 1 | 4 |
_aCalabaza _xCalidad. _917263 |
| 650 | 1 | 4 |
_aCalabaza _xCrecimiento. _917266 |
| 650 | 1 | 4 |
_aCalabaza _xSemilla. _917296 |
| 650 | 1 | 4 |
_aCalabaza _xVariedades. _917301 |
| 650 | 1 | 4 |
_aFertilización foliar. _940445 |
| 901 | _aBK | ||
| 942 | _cTESIS | ||
| 942 | _n0 | ||
| 999 |
_c106201 _d106201 |
||